00584 a2200169 4500010001400000020002600014035001300040037001500053082001000068100001600078245010100094260004200195270007900237300002800316500005100344700001900395 aENG-86561 a9788178296906c595.00 aEN-70094 bDBAD / PUB a361.3 aCox, David  aInternational social work :cby David Cox [and] Manohar Pawarbissues, strategies and programs / aNew DelhibVistaar Publicationsc2006 aB1/11, Mohan Cooperative Industrial Area, Mathura RoadbNew Delhie110 044 axiv, 421pc25cm. (pbk) aIncludes bibliographical references and index aPawar, Manohar